000 01115 a2200277 4500
999 _c7149
_d7149
020 _a9780231180344 (cloth : alk. paper)
020 _a9780231180351 (pbk. : alk. paper)
020 _a9780231180351
050 0 0 _aHD7164 DEM 2018
100 _aHarris, Kessler, Alice
_eauthor
245 0 0 _aDemocracy and the welfare state :
_bthe two wests in the age of austerity /
_cedited by Alice Kessler-Harris and Maurizio Vaudagna.
264 1 _aNew York :
_bColumbia University Press,
_c2018
300 _axii, 403 pages :
_billustrations ;
500 _aIncludes bibliographical references and index.
504 _aIncludes bibliographical references and index.
650 0 _aWelfare state
650 0 _aWelfare state
650 0 _aCapitalism
_xPolitical aspects
650 0 _aCapitalism
_xPolitical aspects
650 0 _aDemocracy
_xSocial aspects
650 0 _aDemocracy
_xSocial aspects
700 1 _aKessler-Harris, Alice,
_eeditor.
700 1 _aVaudagna, Maurizio,
_eeditor.
942 _2lcc
_cBK
_h7164
_iDEM
_kHD